书目信息 |
| 题名: |
第四届全国自制教具获奖项目汇编
|
|
| 作者: | ;教育部教学仪器研究所组 编 | |
| 分册: | ||
| 出版信息: | 北京 北京师范大学出版社 2000.06 |
|
| 页数: | 519页 | |
| 开本: | 16开 | |
| 丛书名: | ||
| 单 册: | ||
| 中图分类: | G484 | |
| 科图分类: | ||
| 主题词: | 学校--教育建筑 , 中小学--自制教具 | |
| 电子资源: | ||
| ISBN: | 7-303-05424-3 | |
| 000 | 00693nam0 2200205 45 | |
| 001 | 0205271537 | |
| 005 | 20031219104056.0 | |
| 010 | @a7-303-05424-3@dCNY40.00 | |
| 100 | @a20020527d2000 km y0chiy0120 ea | |
| 101 | 0 | @achi |
| 105 | @a z 000yy | |
| 200 | 1 | @a第四届全国自制教具获奖项目汇编@ADi Si Jie Quan Guo Zi Zhi Jiao Ju Huo Jiang Xiang Mu Hui Bian@f教育部教学仪器研究所组编@FJiao Yu Bu Jiao Xue Yi Qi Yan Jiu Suo Zu Bian |
| 210 | @a北京@c北京师范大学出版社@d2000.06 | |
| 215 | @a519页@c插图@d16开 | |
| 606 | 0 | @a学校@x教育建筑 |
| 606 | 0 | @a中小学@x自制教具 |
| 690 | @aG484@v4 | |
| 711 | 02 | @a教育部教学仪器研究所组@4编 |
| 801 | @aCN@bTSTC@c20020527 | |
| 905 | @b310719-721@dG484@e4@f3 | |
| 第四届全国自制教具获奖项目汇编/教育部教学仪器研究所组编.-北京:北京师范大学出版社,2000.06 |
| 519页:插图;16开 |
| ISBN 7-303-05424-3:CNY40.00 |
| ● |
| 相关链接 |
|
|
|
|
正题名:第四届全国自制教具获奖项目汇编
索取号:G484/4
 
预约/预借
| 序号 | 登录号 | 条形码 | 馆藏地/架位号 | 状态 | 备注 |
| 1 | 0310719 | 203107191 | 第四借阅区/ [索取号:G484/4] | 在馆 | |
| 2 | 0310720 | 203107208 | 第四借阅区/ [索取号:G484/4] | 在馆 | |
| 3 | 0310721 | 203107217 | 第一样本阅览室/ [索取号:G484/4] | 在馆 |